Gaming Quiz

Random Gaming or Board Games Quiz

Name the video game by character. Quiz Stats

 Plays Quiz not verified by Sporcle

Challenge
Share
Tweet
Embed
Score 0/8 Timer 03:00
0 Plays Today
characters Game % Correct
Cloud, Tifa, RedFinal Fantasy VII
81.5%
Sgt Johnson, CortanaHalo
75%
Zell, SquallFinal Fantasy VIII
54%
Coco, Tiny, Aku AkuCrash Bandicoot
53.2%
Nick, Ellis, Coach, RochelleLeft 4 Dead 2
46%
Sparx, Hunter, RiptoSpyro the Dragon
44.4%
Ghost, RoachCall of Duty: Modern Warfare 2
41.9%
Rooney, Henry, BeckhamFifa
35.5%

You're not logged in!

Compare scores with friends on all Sporcle quizzes.
Join for Free
OR
Log In

You Might Also Like...

Show Comments

Extras

Top Quizzes Today


Score Distribution

Your Account Isn't Verified!

In order to create a playlist on Sporcle, you need to verify the email address you used during registration. Go to your Sporcle Settings to finish the process.

Report this User

Report this user for behavior that violates our Community Guidelines.

Details: